| 000 | 00618nam a22001817a 4500 | ||
|---|---|---|---|
| 005 | 20251108172815.0 | ||
| 008 | 250721s2004 xx 000 0 ara d | ||
| 082 | 1 | 4 | _a345.07/سلي |
| 100 | 1 | _aالسليمان، صباح مصباح محمود | |
| 245 | 1 | 0 | _aقانون الإختصاص في أصول المحاكمات الجزائية / |
| 264 | 1 |
_aعمان : _bدار الحامد للنشر والتوزيع، _c2004. |
|
| 300 | _a185 ص | ||
| 650 | 1 | 7 | _aالقانون الجنائي |
| 650 | 1 | 7 | _aالمحاكمات |
| 650 | 1 | 7 | _aالإجراءات الجنائية |
| 942 |
_2ddc _cBK |
||
| 999 |
_c88974 _d88974 |
||